Profesia znalca v USA
Príspevok definuje znaleckú činnosť v podmienkach USA a zameriava sa na kľúčové oblasti, ktoré by boli porovnateľné so situáciou v SR.
Saved in:
| Main Author: | |
|---|---|
| Other Authors: | |
| Format: | Book Chapter |
| Language: | Slovak |
| Subjects: | |
| Tags: |
No Tags, Be the first to tag this record!
|
MARC
| LEADER | 00000nla$a2200000$$$4500 | ||
|---|---|---|---|
| 001 | 0121141 | ||
| 005 | 20240502072358.1 | ||
| 041 | 0 | |a slo | |
| 044 | |a SK | ||
| 245 | 1 | 0 | |a Profesia znalca v USA |c Štefan Majtán, Veronika Littvová |
| 520 | |a Príspevok definuje znaleckú činnosť v podmienkach USA a zameriava sa na kľúčové oblasti, ktoré by boli porovnateľné so situáciou v SR. | ||
| 610 | 2 | 0 | |a znalci |
| 610 | 2 | 0 | |a organizácie |
| 610 | 2 | 0 | |a USA |
| 100 | 1 | |a Majtán, Štefan | |
| 700 | 1 | |a Littvová, Veronika | |